000 00918nas a2200313 4500
001 BR9508173
003 BR-BrBNA
005 20231205095508.0
007 ta
008 230509b bl.|||p| |||| 00| 00por d
040 _aBR-BrBNA
_bpor
_cBiblioteca Nacional de Agricultura
041 _a(Pt)
072 _aF01
100 1 _aAlvarenga, A.A.
100 1 _aAbrahao, E.
100 1 _aSouza, M. de
100 1 _aCarvalho, V.D. de
100 1 _aLopes, P.S.N.
100 1 _aGoncalves, C.A.A.
245 1 _aCaracterizacao fisico-quimica dos frutos do marmeleiro japones (Chaenomeles sinensis Koehne)
650 _aMarmelo
650 _aFruto
650 _aFruticultura
650 _aAnalise Fisica
650 _aAnalise Quimica
773 0 _tCiencia e Pratica (Brazil)
_xISSN 0100-3267
_g(Apr-Jun 1994), v. 18(2) p. 178-180
_wBR9508173
909 _a202311
_bLúcia
_c55
_dLúcia Elande
942 _2AGRIS
_n0
_cANA
999 _c151032
_d151032